Normal view
MARC view
- Allama Shibly Noumani Shibly Noumani, Allama Syed Suleman Nadvi, Allama
Entry Personal Name
001 - CONTROL NUMBER
- control field: 77140
003 - CONTROL NUMBER IDENTIFIER
- control field: NUST
005 - DATE AND TIME OF LATEST TRANSACTION
- control field: 20210628205823.0
008 - FIXED-LENGTH DATA ELEMENTS
- fixed length control field: 210628|| aca||aabn | a|a d
040 ## - CATALOGING SOURCE
- Original cataloging agency: NUST
- Transcribing agency: NUST
100 ## - HEADING--PERSONAL NAME
- Personal name: Allama Shibly Noumani Shibly Noumani, Allama Syed Suleman Nadvi, Allama
670 ## - SOURCE DATA FOUND
- Source citation: Work cat.: (NUST): Allama Shibly Noumani Shibly Noumani, Allama Syed Suleman Nadvi, Allama, Seerat-un-nabi peace be upon him, 1991
